ballad of a homeschooled girl (Lyrics)- Olivia Rodrigo - Statistics

General Stats
  • This quiz has been taken 104 times
  • The average score is 275 of 330
Answer Stats
Answer % Correct
I
100%
a
98%
And
98%
and
98%
to
98%
I'm
96%
my
96%
out
96%
So
96%
tell
96%
the
96%
The
96%
do
94%
go
94%
it
94%
it's
94%
It's
94%
know
94%
outside
94%
all
93%
like
93%
should
93%
social
93%
suicide
93%
then
93%
time
93%
told
93%
Told
93%
with
93%
glass
91%
no
91%
secrets
91%
fell
89%
got
89%
inside
89%
of
89%
on
89%
over
89%
shouldn't
89%
step
89%
broke
87%
clothes
87%
don't
87%
fun
87%
greatest
87%
hate
87%
joke
87%
think
87%
tripped
87%
weird
87%
bones
85%
Cat
85%
Each
85%
Every
85%
feel
85%
get
85%
made
85%
Made
85%
tongue
85%
along
83%
anyone
83%
done
83%
guess
83%
Guess
83%
skin
83%
doesn't
81%
guy
81%
party's
81%
right
81%
worse
81%
cold
80%
Feels
80%
gay
80%
is
80%
words
80%
Blood
78%
(Oh)
78%
Oh
78%
runnin'
78%
was
78%
when
78%
Everythin'
76%
he
76%
stumbled
76%
Stumbled
76%
up
76%
that
74%
wrong
74%
at
72%
boys
72%
curl
72%
die
72%
tragic
72%
wanna
72%
"how
70%
me
70%
night
70%
talked
70%
website
70%
what
70%
did
69%
his
69%
say?
69%
start
69%
God
67%
making
67%
Can't
65%
conversation?"
65%
line
65%
this
65%
type
65%
after
63%
alive
63%
day
63%
hot
63%
laughed
63%
panic
63%
let
61%
swore
61%
third
61%
you
61%
(Ah)
59%
mom
59%
morning
59%
Searchin'
59%
whole
59%
sat
57%
wife
57%
your
56%
Called
54%
name
54%
Thought
52%
twice
52%
yeah
52%
But
46%
fine
46%
alone
44%
still
43%
shocked
35%
La-la-la-la-la-la
31%
ugh
24%
Ah, ah, ah
20%
No matching quizzes found
Score Distribution
Percent of People with Each Score
Percentile by Number Answered
Your Score History
You have not taken this quiz